| 000 | 00830nam a2200265 a 4500 | ||
|---|---|---|---|
| 001 | 56831 | ||
| 003 | BD-RjUL | ||
| 005 | 20211209080434.0 | ||
| 008 | 161204s1994 us 000 0 eng | ||
| 020 | _a156564137X | ||
| 020 | _a1565641388 (pbk.) | ||
| 035 | _a(BD-RjUL)56955 | ||
| 040 |
_aDLC _cDLC _dBD-RjUL _beng |
||
| 041 | _aeng | ||
| 082 | 0 | 0 |
_a297 _223 _bABC 1994 |
| 100 | 1 |
_aAbū Sulaymān, ʻAbdulḤamīd. _9168981 |
|
| 245 | 1 | 0 |
_aCrisis in the Muslim mind / _cAbdulHamid A. AbuSulayman ; translation by Yusuf Talal DeLorenzo. |
| 250 | _a2nd ed. | ||
| 260 |
_aHerndon, VA : _bInternational Institute of Islamic thought, _cc1994. |
||
| 300 |
_axviii, 160 p. ; _c23 cm. |
||
| 650 | 0 |
_aIslam _9168983 |
|
| 700 | 1 |
_aDeLorenzo, Yusuf Talal. _9168984 |
|
| 942 |
_2ddc _cBK |
||
| 999 |
_c56831 _d56831 |
||